| 000 | 00611nam a2200229Ia 4500 | ||
|---|---|---|---|
| 003 | OSt | ||
| 005 | 20221006164302.0 | ||
| 006 | a|||||r|||| 00| 0 | ||
| 007 | ta | ||
| 008 | 221006b |||||||| |||| 00| 0 eng d | ||
| 024 | _a870 | ||
| 037 | _cTextual | ||
| 040 |
_aFML _cFML _beng |
||
| 041 |
_2eng _aeng |
||
| 082 | _aO15:gx1,1k, 111N4 | ||
| 100 |
_aGupta Naresh Co. _9677044 |
||
| 245 | 0 | _aA Glossory of Natyashastra | |
| 260 |
_aDelhi _bSatyam Publication _c1994 |
||
| 300 |
_a54 _ccm. |
||
| 942 |
_hO15:gx1,1k, 111N4 _cTEXL _2CC |
||
| 999 |
_c1116736 _d1116736 |
||